| 000 | 01627nam a2200421 c 4500 | ||
|---|---|---|---|
| 999 |
_c50769 _d50769 |
||
| 001 | 50769 | ||
| 003 | ES-MaCES | ||
| 005 | 20181227112458.0 | ||
| 008 | 180606s2018 sp 100 | spa d | ||
| 017 |
_aB 6374-2018 _bDL |
||
| 020 | _a9788415663935 | ||
| 040 |
_aES-MaCES _bspa _cES-MaCES |
||
| 111 | 2 |
_939139 _aJornadas Catalanas de Derecho Social _n28ª _d2017 _cBarcelona |
|
| 245 | 1 | 4 |
_aLos nuevos retos del Derecho del trabajo _b: cambios en la organización productiva y nuevos criterios jurisprudenciales _c[recoge las ponencias de las XXVIII Jornadas Catalanas de Derecho Social, celebradas el 16 y 17 de 2017 en Barcelona] ; Abilio Calvo Calmache, coord. ; [autores], Jordi Agustí i Julià ... [et al.] |
| 260 |
_aBarcelona _bHuygens _c[2018] |
||
| 300 |
_a430 p. _c24 cm |
||
| 490 | 1 | _aColección Lex | |
| 504 | _aBibliografía | ||
| 541 | _cCompra | ||
| 650 | 4 |
_areestructuración empresarial _930602 |
|
| 650 | 4 |
_asubcontratación _928256 |
|
| 650 | 4 |
_aflexibilidad del trabajo _930174 |
|
| 650 | 4 |
_aempleo precario _930171 |
|
| 650 | 4 |
_adespido colectivo _928359 |
|
| 650 | 4 |
_arelaciones laborales _928369 |
|
| 650 | 4 |
_aderecho del trabajo _927165 |
|
| 650 | 4 |
_aderecho comunitario _929866 |
|
| 650 | 4 |
_aderecho jurisprudencial _929863 |
|
| 650 | 4 |
_aTribunal de Justicia CE _929490 |
|
| 650 | 4 |
_aEspaña _926964 |
|
| 650 | 4 |
_aconferencia _927013 |
|
| 653 | 1 | 0 | _aDerecho del trabajo y Seguridad Social |
| 700 | 1 |
_aCalvo Calmache, Abilio _939137 _ecoord. |
|
| 700 | 1 |
_aAgustí i Julià, Jordi _939138 |
|
| 830 | 0 |
_aLex Académica _934524 |
|
| 902 | _aLIB Libro | ||
| 942 |
_2CES _cBK _h6.0.1. |
||